Bienvenue à la Médiathèque de Saint-Andiol
banniere
Accueil Recherche avancée Mon compte
handi1 Rechercher dans le catalogue

Filtre   Mots-clés
  Recherche avancée
 
Lister les dernières nouveautés
 
Lister les livres GROS CARACTERES
 
Lister les périodiques (magazines)

handi1 Indiens d'Amérique du Nord (Les)

<< Retourner aux résultats de la recherche
Book Cover
Auteur principal : Françoise Perriot
Titre : Indiens d'Amérique du Nord (Les)
Support : Livres
Langue : Francais
Genre : Documentaire
Sujets :
Étiquettes :
Pas de tags
LEADER 00891nam0a2200217 450
001 16867638
010 |a 2-7459-1238-0  |b Rel.  |d 22,6 € 
100 |a 20050516d2005 u u0frey01 ba 
101 0 |a fre 
102 |a FR 
200 0 |a Indiens d'Amérique du Nord (Les)  |f Françoise Perriot 
207 1 |a   
215 |a 223 p.  |c ill. en nb.  |d 27 x 20 cm 
300 |a Index. Glossaire 
330 |a Pour découvrir l'Amérique des origines, celle des Indiens d'hier et d'aujourd'hui. Cet ouvrage rappelle la place de chaque tribu indienne : ses croyances, sa langue, ses habitations, son alimentation, ses vêtements, etc. 
606 0 |a Indiens d'Amérique  |x Ouvrages pour la jeunesse 
676 |a 970.1 
700 0 |a Perriot  |b Françoise  |4 70 
900 |a Documentaire 
901 |a Jeunesse 
995 |a Médiathèque  |c Médiathèque  |f 00156005799812  |h 00156005799812  |k E 970.1 PER  |o p  |q j  |r az  |e Médiathèque